Tuyển tập công trình nghiên cứu cổ sinh vật T. 1

Các công trình nghiên cứu của các nhà nghiên cứu cổ sinh vật địa tầng ở nước ta. Nghiên cứu những nhóm hoá thạch mới giúp xác lập nhiều hệ tầng trầm tích ở nước ta, Xây dựng sơ đồ địa tầng cho các khu vực

Đã lưu trong:
書目詳細資料
其他作者: Nguyễn Thị Thanh (Tác giả), Nguyễn Ngọc (Tác giả), Lê Hùng (Tác giả), Dương Xuân Hảo (Tác giả), Nguyễn hữu Hùng (Tác giả)
格式: 圖書
語言:Vietnamese
出版: H. Tổng cục địa chất 1982
主題:
標簽: 添加標簽
沒有標簽, 成為第一個標記此記錄!
Thư viện lưu trữ: Mạng thư viện Đại học Đà Nẵng
LEADER 01773nam a22004338a 4500
001 000009281
003 5477
005 20111026081018.0
008 111026s1982 b 000 0 vieod
020 |c 2000đ  |d 1300b 
041 0 |a vie 
082 |a 560.7  |b Tuy 
084 |a E  |b T527T 
245 1 0 |a Tuyển tập công trình nghiên cứu cổ sinh vật  |c Vũ Khắc, Lê Hùng, Nguyễn Thị Thanh  |n T. 1 
260 |a H.  |b Tổng cục địa chất  |c 1982 
300 |a 190tr : ảnh  |c 27cm 
500 |a Đầu trang tên sách ghi: Tổng cục địa chất 
505 |a T. 1 
520 |a Các công trình nghiên cứu của các nhà nghiên cứu cổ sinh vật địa tầng ở nước ta. Nghiên cứu những nhóm hoá thạch mới giúp xác lập nhiều hệ tầng trầm tích ở nước ta, Xây dựng sơ đồ địa tầng cho các khu vực 
653 |a Cổ sinh vật 
653 |a địa tầng 
653 |a hoá thạch 
700 1 |a Nguyễn Thị Thanh  |e Tác giả 
700 1 |a Nguyễn Ngọc  |e Tác giả 
700 1 |a Lê Hùng  |e Tác giả 
700 1 |a Dương Xuân Hảo  |e Tác giả 
700 1 |a Nguyễn hữu Hùng  |e Tác giả 
773 |t Tuyển tập công trình nghiên cứu cổ sinh vật  |w 5478 
910 |a Nguyễn Thị Kim Oanh  |d 26/10/2011 
OWN |a LSP 
AVA |a UDN50  |b LSP  |d 560.7 Tuy  |e available  |t Error 5001 Not defined in file expand_doc_bib_avail.  |f 3  |g 1  |h N  |i 0  |k 1 
999 |a From the UDN01 
AVA |a UDN50  |b LSP  |d 560.7 Tuy  |e available  |t Error 5001 Not defined in file expand_doc_bib_avail.  |f 3  |g 1  |h N  |i 0  |k 1 
TYP |a Monograph 
TYP |a Printed language 
980 |a Mạng thư viện Đại học Đà Nẵng